Fr. Conceicao Rodrigues College of Engineering

Text book of Engineering Physics (Record no. 31549)

MARC details
000 -LEADER
fixed length control field 00372nam a2200181Ia 4500
082 ## - DEWEY DECIMAL CLASSIFICATION NUMBER
Item number AVA
100 ## - MAIN ENTRY--PERSONAL NAME
Personal name Avadhanulu/M.N
250 ## - EDITION STATEMENT
Edition statement 11
245 ## - TITLE STATEMENT
Title Text book of Engineering Physics
260 ## - PUBLICATION, DISTRIBUTION, ETC.
Name of publisher, distributor, etc. S.Chand & Co.
Date of publication, distribution, etc. 2019
366 ## - TRADE AVAILABILITY INFORMATION
Publishers's discount category 22
300 ## - PHYSICAL DESCRIPTION
Extent 1412
546 ## - LANGUAGE NOTE
Language note ENGLISH
650 ## - SUBJECT ADDED ENTRY--TOPICAL TERM
Topical term or geographic name entry element Physics
654 ## - SUBJECT ADDED ENTRY--FACETED TOPICAL TERMS
Focus term engineering physics
942 ## - ADDED ENTRY ELEMENTS (KOHA)
Koha item type BOOK
Holdings
Withdrawn status Lost status Damaged status Not for loan Collection Home library Current library Date acquired Source of acquisition Cost, normal purchase price Inventory number Total Checkouts Full call number Barcode Date last seen Date last checked out Cost, replacement price Price effective from Koha item type
        CRC Fr. Agnel's C.Rodrigues College of Engineering AGNEL TECHNICAL COLLEGE LIBRARY 17/03/2023 Allied Publishers 507.00 1090 dt 19.03.19 1 AVA 25604 04/03/2025 03/03/2025 650.00   BOOK
        CRC Fr. Agnel's C.Rodrigues College of Engineering Fr. Agnel's C.Rodrigues College of Engineering 17/03/2023 Allied Publishers 507.00 1090 dt 19.03.19 1 AVA 25602 06/01/2026 16/12/2025 650.00   BOOK
        CRC Fr. Agnel's C.Rodrigues College of Engineering Fr. Agnel's C.Rodrigues College of Engineering 17/03/2023 Allied Publishers 507.00 1090 dt 19.03.19   AVA 25603 17/03/2023   650.00   BOOK
        CRC Fr. Agnel's C.Rodrigues College of Engineering Fr. Agnel's C.Rodrigues College of Engineering 17/03/2023 Allied Publishers 507.00 1090 dt 19.03.19   AVA 25605 17/03/2023   650.00   BOOK
        CRC Fr. Agnel's C.Rodrigues College of Engineering Fr. Agnel's C.Rodrigues College of Engineering 17/03/2023 Allied Publishers 507.00 1090 dt 19.03.19   AVA 25606 17/03/2023   650.00   BOOK